Movies Quiz

Random Movies or Director Quiz

Film Directors: Odd One Out Quiz Stats

Quiz Updated Mar 18, 2015

Challenge
Share
Tweet
Score 0/26 Timer 12:00
2 Plays Today
% Correct
B: David Fincher (all others: Quentin Tarantino)
79.7%
D: Zucker, Abrahams, Zucker (all others: Mel Brooks)
71.3%
D: Sofia Coppola (all others: Ang Lee)
68.1%
C: Ridley Scott (all others: Steven Spielberg)
67.7%
A: Paul Thomas Anderson (all others: The Coen brothers)
63.5%
A: Henry Selick (all others: Tim Burton)
51%
D: David Lynch (all others: Stanley Kubrick)
50.5%
C: Tim Burton (all others: Terry Gilliam)
50.1%
D: Richard Attenborough (all others: Ridley Scott)
47.8%
D: Guy Ritchie (all others: Danny Boyle)
47%
B: Paul Greengrass (all others: Oliver Stone)
47%
B: Gary Ross (all others: Ron Howard)
43%
B: Bryan Singer (all others: David Fincher)
42.6%
% Correct
A: William Friedkin (all others: Francis Ford Coppola)
42%
B: Norman Jewison (all others: Robert Altman)
38.7%
C: Sergio Leone (all others: Martin Scorsese)
38.5%
A: Zack Snyder (all others: Sam Raimi)
37.6%
D: Alan J. Pakula (all others: Roman Polanski)
35.1%
D: Billy Wilder (all others: Howard Hawks)
34.7%
D: Roman Polanski (all others: Sidney Lumet)
34.4%
A: Michael Mann (all others: Sydney Pollack)
33%
A: Mimi Leder (all others: Kathryn Bigelow)
32.1%
C: Nora Ephron (all others: Rob Reiner)
31.1%
C: Mike Newell (all others: Brian De Palma)
30.1%
A: Joel Schumacher (all others: Jonathan Demme)
29.3%
D: Henri-Georges Clouzot (all others: Alfred Hitchcock)
28.5%

You're not logged in!

Compare scores with friends on all Sporcle quizzes.
Sign Up with Email
OR
Log In

You Might Also Like...

Show Comments

Extras

Top Quizzes Today


Score Distribution

Your Account Isn't Verified!

In order to create a playlist on Sporcle, you need to verify the email address you used during registration. Go to your Sporcle Settings to finish the process.